LEADER 00722nam a2200181 i 4500 001 000000258181 003 CaOOAMICUS 005 20240201122357.0 008 180418s1830 it u000 u ita u 026 $alali s.ei 1.a. (o6C (7) 1830 (R) 040 $aSeMil$bita 245 10$aVol. 2. 300 $a419, [1] p. 773 0 $aAmmianus Marcellinus $tStorie di Ammiano Marcellino tradotte da Francesco Ambrosoli con note. Vol. 1. [-2.].$dMilano : Per Antonio Fontana, 1829-1830.$kBiblioteca storica di tutte le nazioni$g2$w()14837 850 $aSeMil 852 $aSeMil$W1$xVenegono$y1$m3V IV 2 FA$j208527$B208527$CSeMilBibl$Z2$F222175 $8I 996 $6245$aVol. 2$9(OLS)http://semarc/title/13458 LEADER 00739nam a2200193 4500 001 000000341168 003 CaOOAMICUS 005 20200720111941.0 008 200720s1885 it a 000 u ita r 040 $aSeMil$bita 245 00$aAllegato al Vol. 5: L'Asia. 264 1$aMilano [etc.] :$bFrancesco Vallardi,$c[1885] 300 $a[24] carte di tav. ;$c27 cm 773 0 $tTerra.$dMilano [etc.] : Francesco Vallardi, [1885]$g5a$w()341151 850 $aSeMil 852 $aSeMil$W1$xVenegono$y1$m3XG VI 13 FA$j219937$B232158$CSeMilBibl$Z2$F232158 $8I 996 $6245$aAllegato al Vol. 5: L'Asia$9(OLS)http://semarc/title/430222 996 $6264$aMilano [etc.] :$bFrancesco Vallardi$9(OLS)http://semarc/publisher/36386